UBT Library

BEVILL MATH EMPORIUM (Record no. 24114)

000 -LEADER
fixed length control field 00292nam a22001337a 4500
008 - FIXED-LENGTH DATA ELEMENTS--GENERAL INFORMATION
fixed length control field 170818b xxu||||| |||| 00| 0 eng d
020 ## - INTERNATIONAL STANDARD BOOK NUMBER
International Standard Book Number 9781269431934
041 ## - LANGUAGE CODE
Language code of text/sound track or separate title eng
080 ## - UNIVERSAL DECIMAL CLASSIFICATION NUMBER
Universal Decimal Classification number 51
100 ## - Rafti
Rafti 37
101 ## - Shkurtesa
Shkurtesa MAT
245 ## - TITLE STATEMENT
Title BEVILL MATH EMPORIUM
Statement of responsibility, etc PRIOR.R.H
942 ## - ADDED ENTRY ELEMENTS (KOHA)
Source of classification or shelving scheme
Item type Books
Holdings
Withdrawn status Lost status Source of classification or shelving scheme Damaged status Not for loan Collection code Permanent location Current location Shelving location Date acquired Total Checkouts Full call number Barcode Date last seen Price effective from Koha item type
          Koleksioni i përgjithshem UBT - Lipjan UBT - Lipjan Koleksioni i përgjithshem 08/18/2017   51 PRI 002-2918279 08/18/2017 08/18/2017 Books
UBT Library © 2015-2024. All rights reserved University Education for Business and Technology